<?xml version="1.0" encoding="UTF-8"?>
<record
    xmlns:xsi="http://www.w3.org/2001/XMLSchema-instance"
    xsi:schemaLocation="http://www.loc.gov/MARC21/slim http://www.loc.gov/standards/marcxml/schema/MARC21slim.xsd"
    xmlns="http://www.loc.gov/MARC21/slim">

  <leader>03529nam a2200421 i 4500</leader>
  <controlfield tag="003">EG-GICUC</controlfield>
  <controlfield tag="005">20260412154131.0</controlfield>
  <controlfield tag="008">260412s2025    ua  |||f m||| 00| 0 ara d</controlfield>
  <datafield tag="040" ind1=" " ind2=" ">
    <subfield code="a">EG-GICUC</subfield>
    <subfield code="c">EG-GICUC</subfield>
    <subfield code="d">EG-GICUC</subfield>
    <subfield code="e">rda</subfield>
    <subfield code="b">ara</subfield>
  </datafield>
  <datafield tag="041" ind1="0" ind2=" ">
    <subfield code="a">ara</subfield>
    <subfield code="b">ara</subfield>
    <subfield code="d">ara</subfield>
  </datafield>
  <datafield tag="049" ind1=" " ind2=" ">
    <subfield code="a">&#x625;&#x647;&#x62F;&#x627;&#x621;</subfield>
  </datafield>
  <datafield tag="082" ind1="0" ind2="4">
    <subfield code="a">342.31</subfield>
    <subfield code="2">21</subfield>
  </datafield>
  <datafield tag="097" ind1=" " ind2=" ">
    <subfield code="a">Ph.D</subfield>
  </datafield>
  <datafield tag="099" ind1=" " ind2=" ">
    <subfield code="a">Law 08 PHD 2025</subfield>
  </datafield>
  <datafield tag="100" ind1="0" ind2=" ">
    <subfield code="a">&#x645;&#x62D;&#x645;&#x62F; &#x645;&#x62E;&#x62A;&#x627;&#x631; &#x623;&#x62D;&#x645;&#x62F; &#x645;&#x62D;&#x645;&#x62F; &#x627;&#x644;&#x634;&#x642;&#x64A;&#x631;&#x64A;</subfield>
    <subfield code="e">&#x645;&#x624;&#x644;&#x641;.</subfield>
  </datafield>
  <datafield tag="245" ind1="1" ind2="0">
    <subfield code="a">&#x627;&#x644;&#x623;&#x62F;&#x627;&#x621; &#x627;&#x644;&#x62A;&#x634;&#x631;&#x64A;&#x639;&#x64A; &#x648;&#x627;&#x644;&#x631;&#x642;&#x627;&#x628;&#x64A; &#x644;&#x644;&#x628;&#x631;&#x644;&#x645;&#x627;&#x646; &#x641;&#x64A; &#x645;&#x635;&#x631; &#x648;&#x62F;&#x648;&#x631;&#x647; &#x641;&#x64A; &#x627;&#x644;&#x62A;&#x637;&#x648;&#x631; &#x627;&#x644;&#x62F;&#x64A;&#x645;&#x648;&#x642;&#x631;&#x627;&#x637;&#x64A; (&#x62F;&#x631;&#x627;&#x633;&#x629; &#x645;&#x642;&#x627;&#x631;&#x646;&#x629;) /</subfield>
    <subfield code="c">&#x625;&#x639;&#x62F;&#x627;&#x62F; &#x645;&#x62D;&#x645;&#x62F; &#x645;&#x62E;&#x62A;&#x627;&#x631; &#x623;&#x62D;&#x645;&#x62F; &#x645;&#x62D;&#x645;&#x62F; &#x627;&#x644;&#x634;&#x642;&#x64A;&#x631;&#x64A;&#x61B; &#x625;&#x634;&#x631;&#x627;&#x641; &#x627;&#x644;&#x623;&#x633;&#x62A;&#x627;&#x630; &#x627;&#x644;&#x62F;&#x643;&#x62A;&#x648;&#x631; &#x62C;&#x627;&#x628;&#x631; &#x62C;&#x627;&#x62F; &#x646;&#x635;&#x627;&#x631;.  </subfield>
  </datafield>
  <datafield tag="264" ind1=" " ind2="0">
    <subfield code="a">&#x627;&#x644;&#x642;&#x627;&#x647;&#x631;&#x629;:</subfield>
    <subfield code="b">&#x643;&#x644;&#x64A;&#x629; &#x627;&#x644;&#x62D;&#x642;&#x648;&#x642;- &#x62C;&#x627;&#x645;&#x639;&#x629; &#x627;&#x644;&#x642;&#x627;&#x647;&#x631;&#x629;&#x60C;</subfield>
    <subfield code="c">2025.</subfield>
  </datafield>
  <datafield tag="300" ind1=" " ind2=" ">
    <subfield code="a">445 &#x635;&#x641;&#x62D;&#x629;&#x61B;</subfield>
    <subfield code="c">25  &#x633;&#x645;.</subfield>
  </datafield>
  <datafield tag="336" ind1=" " ind2=" ">
    <subfield code="a">text</subfield>
    <subfield code="2">rda content</subfield>
  </datafield>
  <datafield tag="337" ind1=" " ind2=" ">
    <subfield code="a">Computer</subfield>
    <subfield code="2">rda media</subfield>
  </datafield>
  <datafield tag="338" ind1=" " ind2=" ">
    <subfield code="a">Online Resource</subfield>
    <subfield code="2">rda carrier</subfield>
  </datafield>
  <datafield tag="502" ind1=" " ind2=" ">
    <subfield code="a"> &#x623;&#x637;&#x631;&#x648;&#x62D;&#x629; (&#x62F;&#x643;&#x62A;&#x648;&#x631;&#x627;&#x629;)- &#x62C;&#x627;&#x645;&#x639;&#x629; &#x627;&#x644;&#x642;&#x627;&#x647;&#x631;&#x629;&#x60C; &#x643;&#x644;&#x64A;&#x629; &#x627;&#x644;&#x62D;&#x642;&#x648;&#x642;&#x60C; &#x642;&#x633;&#x645; &#x627;&#x644;&#x642;&#x627;&#x646;&#x648;&#x646; &#x627;&#x644;&#x62F;&#x633;&#x62A;&#x648;&#x631;&#x64A;&#x60C; 2025.</subfield>
  </datafield>
  <datafield tag="504" ind1=" " ind2=" ">
    <subfield code="a">&#x628;&#x628;&#x644;&#x64A;&#x648;&#x62C;&#x631;&#x627;&#x641;&#x64A;&#x627;: &#x635;&#x641;&#x62D;&#x627;&#x62A; 420-441</subfield>
  </datafield>
  <datafield tag="520" ind1="3" ind2=" ">
    <subfield code="a">&#x62A;&#x643;&#x62A;&#x633;&#x628; &#x647;&#x630;&#x647; &#x627;&#x644;&#x62F;&#x631;&#x627;&#x633;&#x629; &#x623;&#x647;&#x645;&#x64A;&#x62A;&#x647;&#x627; &#x645;&#x646; &#x645;&#x643;&#x627;&#x646;&#x629; &#x627;&#x644;&#x628;&#x631;&#x644;&#x645;&#x627;&#x646; &#x627;&#x644;&#x630;&#x64A; &#x64A;&#x62D;&#x62A;&#x644; &#x645;&#x643;&#x627;&#x646;&#x627; &#x628;&#x627;&#x631;&#x632;&#x627; &#x648;&#x645;&#x62A;&#x645;&#x64A;&#x632;&#x627; &#x641;&#x64A; &#x627;&#x644;&#x62F;&#x648;&#x644;&#x629; &#x627;&#x644;&#x62F;&#x64A;&#x645;&#x642;&#x631;&#x627;&#x637;&#x64A;&#x629; &#x627;&#x644;&#x62D;&#x62F;&#x64A;&#x62B;&#x629;. &#x648;&#x645;&#x646; &#x623;&#x647;&#x645;&#x64A;&#x629; &#x627;&#x644;&#x62F;&#x648;&#x631; &#x627;&#x644;&#x630;&#x64A; &#x64A;&#x642;&#x648;&#x645; &#x628;&#x647; &#x627;&#x644;&#x628;&#x631;&#x644;&#x645;&#x627;&#x646; &#x633;&#x648;&#x627;&#x621; &#x641;&#x64A; &#x645;&#x62C;&#x627;&#x644; &#x645;&#x646; &#x627;&#x644;&#x642;&#x648;&#x627;&#x646;&#x64A;&#x646; &#x623;&#x648; &#x627;&#x644;&#x631;&#x642;&#x627;&#x628;&#x629; &#x639;&#x644;&#x649; &#x623;&#x639;&#x645;&#x627;&#x644; &#x627;&#x644;&#x62D;&#x643;&#x648;&#x645;&#x629;&#x60C; &#x643;&#x645;&#x627; &#x623;&#x646;&#x647; &#x64A;&#x644;&#x639;&#x628; &#x62F;&#x648;&#x631;&#x627; &#x645;&#x62D;&#x648;&#x631;&#x64A;&#x627; &#x641;&#x64A; &#x625;&#x637;&#x627;&#x631; &#x627;&#x644;&#x62A;&#x62D;&#x648;&#x644;&#x627;&#x62A; &#x627;&#x644;&#x62F;&#x64A;&#x645;&#x642;&#x631;&#x627;&#x637;&#x64A;&#x629; &#x648;&#x627;&#x644;&#x633;&#x64A;&#x627;&#x633;&#x64A;&#x629; &#x648;&#x627;&#x644;&#x62A;&#x639;&#x62F;&#x62F;&#x64A;&#x629; &#x627;&#x644;&#x62D;&#x632;&#x628;&#x64A;&#x629;&#x60C; &#x641;&#x644;&#x627; &#x64A;&#x645;&#x643;&#x646; &#x62A;&#x62D;&#x642;&#x64A;&#x642; &#x627;&#x644;&#x62F;&#x64A;&#x645;&#x642;&#x631;&#x627;&#x637;&#x64A;&#x629; &#x628;&#x644;&#x627; &#x628;&#x631;&#x644;&#x645;&#x627;&#x646;&#x60C; &#x628;&#x644; &#x627;&#x644;&#x62A;&#x642;&#x62F;&#x645; &#x646;&#x62D;&#x648; &#x627;&#x644;&#x62D;&#x643;&#x645; &#x627;&#x644;&#x62F;&#x64A;&#x645;&#x642;&#x631;&#x627;&#x637;&#x64A; &#x64A;&#x639;&#x62A;&#x645;&#x62F; &#x639;&#x644;&#x649; &#x628;&#x631;&#x644;&#x645;&#x627;&#x646; &#x642;&#x648;&#x64A;. &#x648;&#x64A;&#x639;&#x637;&#x64A; &#x647;&#x630;&#x627; &#x627;&#x644;&#x628;&#x62D;&#x62B; &#x645;&#x624;&#x634;&#x631;&#x627;&#x62A; &#x648;&#x646;&#x62A;&#x627;&#x626;&#x62C; &#x62D;&#x648;&#x644; &#x627;&#x644;&#x623;&#x62F;&#x627;&#x621; &#x627;&#x644;&#x62A;&#x634;&#x631;&#x64A;&#x639;&#x64A; &#x648;&#x627;&#x644;&#x631;&#x642;&#x627;&#x628;&#x64A; &#x644;&#x644;&#x628;&#x631;&#x644;&#x645;&#x627;&#x646; &#x648;&#x62F;&#x648;&#x631;&#x647; &#x641;&#x64A; &#x639;&#x645;&#x644;&#x64A;&#x629; &#x627;&#x644;&#x62A;&#x62D;&#x648;&#x644; &#x627;&#x644;&#x62F;&#x64A;&#x645;&#x642;&#x631;&#x627;&#x637;&#x64A;&#x60C; &#x641;&#x636;&#x644;&#x627; &#x639;&#x646; &#x645;&#x62E;&#x62A;&#x644;&#x641; &#x627;&#x644;&#x639;&#x648;&#x627;&#x645;&#x644; &#x627;&#x644;&#x62A;&#x64A; &#x62A;&#x624;&#x62F;&#x64A; &#x625;&#x644;&#x649; &#x625;&#x636;&#x639;&#x627;&#x641; &#x627;&#x644;&#x628;&#x631;&#x644;&#x645;&#x627;&#x646;&#x60C; &#x648;&#x62A;&#x633;&#x627;&#x639;&#x62F; &#x639;&#x644;&#x649; &#x627;&#x643;&#x62A;&#x634;&#x627;&#x641; &#x627;&#x644;&#x645;&#x639;&#x648;&#x642;&#x627;&#x62A; &#x639;&#x644;&#x649; &#x645;&#x633;&#x62A;&#x648;&#x64A; &#x627;&#x644;&#x646;&#x635; &#x627;&#x644;&#x642;&#x627;&#x646;&#x648;&#x646;&#x64A; &#x648;&#x639;&#x644;&#x649; &#x645;&#x633;&#x62A;&#x648;&#x64A; &#x627;&#x644;&#x645;&#x645;&#x627;&#x631;&#x633;&#x629;&#x60C; &#x648;&#x645;&#x646; &#x627;&#x644;&#x645;&#x624;&#x645;&#x644; &#x623;&#x646; &#x62A;&#x639;&#x645;&#x644; &#x647;&#x630;&#x647; &#x627;&#x644;&#x631;&#x633;&#x627;&#x644;&#x629; &#x639;&#x644;&#x649; &#x625;&#x64A;&#x62C;&#x627;&#x62F; &#x627;&#x644;&#x62D;&#x644;&#x648;&#x644; &#x627;&#x644;&#x645;&#x646;&#x627;&#x633;&#x628;&#x629; &#x644;&#x62A;&#x644;&#x627;&#x641;&#x64A; &#x648;&#x625;&#x635;&#x644;&#x627;&#x62D; &#x627;&#x644;&#x639;&#x64A;&#x648;&#x628; &#x648;&#x623;&#x648;&#x62C;&#x647; &#x627;&#x644;&#x642;&#x635;&#x648;&#x631; &#x648;&#x627;&#x644;&#x623;&#x62B;&#x627;&#x631; &#x627;&#x644;&#x646;&#x627;&#x62C;&#x645;&#x629; &#x639;&#x646;&#x647;&#x627; &#x623;&#x648; &#x627;&#x644;&#x62A;&#x62E;&#x641;&#x64A;&#x641; &#x645;&#x646;&#x647;&#x627;.</subfield>
  </datafield>
  <datafield tag="546" ind1=" " ind2=" ">
    <subfield code="a">&#x627;&#x644;&#x646;&#x635; &#x628;&#x627;&#x644;&#x639;&#x631;&#x628;&#x64A;&#x629; &#x648;&#x627;&#x644;&#x645;&#x644;&#x62E;&#x635; &#x628;&#x627;&#x644;&#x644;&#x63A;&#x629; &#x627;&#x644;&#x625;&#x646;&#x62C;&#x644;&#x64A;&#x632;&#x64A;&#x629; &#x648;&#x627;&#x644;&#x639;&#x631;&#x628;&#x64A;&#x629;.</subfield>
  </datafield>
  <datafield tag="650" ind1="0" ind2="4">
    <subfield code="a">&#x627;&#x644;&#x642;&#x627;&#x646;&#x648;&#x646; &#x627;&#x644;&#x62F;&#x633;&#x62A;&#x648;&#x631;&#x64A;</subfield>
  </datafield>
  <datafield tag="653" ind1=" " ind2="0">
    <subfield code="a">&#x627;&#x643;&#x62A;&#x634;&#x627;&#x641; &#x627;&#x644;&#x645;&#x639;&#x648;&#x642;&#x627;&#x62A; &#x639;&#x644;&#x649; &#x645;&#x633;&#x62A;&#x648;&#x64A; &#x627;&#x644;&#x646;&#x635; &#x627;&#x644;&#x642;&#x627;&#x646;&#x648;&#x646;&#x64A;</subfield>
  </datafield>
  <datafield tag="653" ind1=" " ind2="0">
    <subfield code="a">&#x627;&#x644;&#x623;&#x62F;&#x627;&#x621; &#x627;&#x644;&#x62A;&#x634;&#x631;&#x64A;&#x639;&#x64A; &#x648;&#x627;&#x644;&#x631;&#x642;&#x627;&#x628;&#x64A; &#x644;&#x644;&#x628;&#x631;&#x644;&#x645;&#x627;&#x646;</subfield>
  </datafield>
  <datafield tag="653" ind1=" " ind2="0">
    <subfield code="a">&#x627;&#x644;&#x62A;&#x62D;&#x648;&#x644;&#x627;&#x62A; &#x627;&#x644;&#x62F;&#x64A;&#x645;&#x642;&#x631;&#x627;&#x637;&#x64A;&#x629; &#x648;&#x627;&#x644;&#x633;&#x64A;&#x627;&#x633;&#x64A;&#x629; &#x648;&#x627;&#x644;&#x62A;&#x639;&#x62F;&#x62F;&#x64A;&#x629; &#x627;&#x644;&#x62D;&#x632;&#x628;&#x64A;&#x629;</subfield>
  </datafield>
  <datafield tag="653" ind1=" " ind2="0">
    <subfield code="a">&#x645;&#x62C;&#x627;&#x644; &#x645;&#x646; &#x627;&#x644;&#x642;&#x648;&#x627;&#x646;&#x64A;&#x646; &#x623;&#x648; &#x627;&#x644;&#x631;&#x642;&#x627;&#x628;&#x629; &#x639;&#x644;&#x649; &#x623;&#x639;&#x645;&#x627;&#x644; &#x627;&#x644;&#x62D;&#x643;&#x648;&#x645;&#x629;</subfield>
  </datafield>
  <datafield tag="655" ind1=" " ind2="4">
    <subfield code="a">&#x631;&#x633;&#x627;&#x626;&#x644; &#x62C;&#x627;&#x645;&#x639;&#x64A;&#x629;</subfield>
    <subfield code="z">&#x62C;&#x627;&#x645;&#x639;&#x629; &#x627;&#x644;&#x642;&#x627;&#x647;&#x631;&#x629;</subfield>
    <subfield code="x">&#x627;&#x644;&#x642;&#x627;&#x646;&#x648;&#x646; &#x627;&#x644;&#x62F;&#x633;&#x62A;&#x648;&#x631;&#x64A;</subfield>
  </datafield>
  <datafield tag="700" ind1="0" ind2=" ">
    <subfield code="a">&#x62C;&#x627;&#x628;&#x631; &#x62C;&#x627;&#x62F; &#x646;&#x635;&#x627;&#x631;</subfield>
    <subfield code="e">&#x645;&#x634;&#x631;&#x641;.</subfield>
  </datafield>
  <datafield tag="710" ind1="2" ind2=" ">
    <subfield code="a">&#x62C;&#x627;&#x645;&#x639;&#x629; &#x627;&#x644;&#x642;&#x627;&#x647;&#x631;&#x629;.</subfield>
    <subfield code="b">&#x643;&#x644;&#x64A;&#x629; &#x627;&#x644;&#x62D;&#x642;&#x648;&#x642;</subfield>
  </datafield>
  <datafield tag="856" ind1=" " ind2=" ">
    <subfield code="u">https://fll.law.cu.edu.eg/fulltext/th/T08-01604.pdf</subfield>
  </datafield>
  <datafield tag="900" ind1=" " ind2=" ">
    <subfield code="b">2025</subfield>
    <subfield code="U">&#x62C;&#x627;&#x645;&#x639;&#x629; &#x627;&#x644;&#x642;&#x627;&#x647;&#x631;&#x629; </subfield>
    <subfield code="F">&#x643;&#x644;&#x64A;&#x629; &#x627;&#x644;&#x62D;&#x642;&#x648;&#x642;</subfield>
    <subfield code="D">&#x642;&#x633;&#x645; &#x627;&#x644;&#x642;&#x627;&#x646;&#x648;&#x646; &#x627;&#x644;&#x62F;&#x633;&#x62A;&#x648;&#x631;&#x64A;</subfield>
  </datafield>
  <datafield tag="905" ind1=" " ind2=" ">
    <subfield code="a">64</subfield>
  </datafield>
  <datafield tag="942" ind1=" " ind2=" ">
    <subfield code="2">ddc</subfield>
    <subfield code="c">TH</subfield>
    <subfield code="e">21</subfield>
    <subfield code="n">0</subfield>
  </datafield>
  <datafield tag="999" ind1=" " ind2=" ">
    <subfield code="c">70281</subfield>
  </datafield>
  <datafield tag="952" ind1=" " ind2=" ">
    <subfield code="2">ddc</subfield>
    <subfield code="8">&#x627;&#x644;&#x642;&#x627;&#x646;&#x648;&#x646; &#x627;&#x644;&#x62F;&#x633;&#x62A;&#x648;&#x631;&#x64A;</subfield>
    <subfield code="9">71715</subfield>
    <subfield code="a">CU</subfield>
    <subfield code="b">LAW1</subfield>
    <subfield code="d">2026-04-12</subfield>
    <subfield code="o">Law1 08 PHD 2025 0801604 C1</subfield>
    <subfield code="p">T08-01604</subfield>
    <subfield code="r">2026-04-12 15:42:21</subfield>
    <subfield code="t">1</subfield>
    <subfield code="w">2026-04-12</subfield>
    <subfield code="y">TH</subfield>
  </datafield>
  <datafield tag="952" ind1=" " ind2=" ">
    <subfield code="2">ddc</subfield>
    <subfield code="8">&#x627;&#x644;&#x642;&#x627;&#x646;&#x648;&#x646; &#x627;&#x644;&#x62F;&#x633;&#x62A;&#x648;&#x631;&#x64A;</subfield>
    <subfield code="9">71716</subfield>
    <subfield code="a">CU</subfield>
    <subfield code="b">LAW1</subfield>
    <subfield code="d">2026-04-12</subfield>
    <subfield code="o">Law1 08 PHD 2025 0801605 C2</subfield>
    <subfield code="p">T08-01605</subfield>
    <subfield code="r">2026-04-12 15:42:00</subfield>
    <subfield code="t">2</subfield>
    <subfield code="w">2026-04-12</subfield>
    <subfield code="y">TH</subfield>
  </datafield>
  <datafield tag="952" ind1=" " ind2=" ">
    <subfield code="2">ddc</subfield>
    <subfield code="8">&#x627;&#x644;&#x642;&#x627;&#x646;&#x648;&#x646; &#x627;&#x644;&#x62F;&#x633;&#x62A;&#x648;&#x631;&#x64A;</subfield>
    <subfield code="9">71718</subfield>
    <subfield code="a">CU</subfield>
    <subfield code="b">LAW2</subfield>
    <subfield code="d">2026-04-12</subfield>
    <subfield code="o">Law2 08 PHD 2025 0801606 C3</subfield>
    <subfield code="p">T08-01606</subfield>
    <subfield code="r">2026-04-12 15:42:00</subfield>
    <subfield code="t">3</subfield>
    <subfield code="w">2026-04-12</subfield>
    <subfield code="y">TH</subfield>
  </datafield>
</record>
